[Event "DVM U14w 2016"]
[Site "Düsseldorf GER"]
[Date "2016.12.29"]
[Round "5"]
[White "Schilz, Tabea"]
[Black "Krömer, Paulina"]
[Result "0-1"]
[Termination "normal"]
[Board "3.3"]
[WhiteElo "1088"]
[BlackElo "1538"]
[WhiteTeam "SF Konz-Karthaus"]
[BlackTeam "SV Empor Erfurt"]
[PlyCount "90"]
[WhiteFideId "16235312"]
[BlackFideId "16212363"]
[EventCountry "GER"]
[EventRounds "7"]
[EventType "team-swiss"]
[EventDate "2016.12.26"]

1. e4 {[%emt 0:00:00]} c5 2. Nf3 Nc6 3. Nc3 g6 4. Bc4 Bg7 5. O-O d6 6. h3 Nf6
7. d3 O-O 8. Re1 a6 9. a4 Bd7 10. Be3 e5 11. Qd2 Nd4 12. Qd1 Rb8 13. Nd5 b5 14.
Bb3 Nxb3 15. cxb3 Nxd5 16. exd5 bxa4 17. bxa4 Rxb2 18. Re2 Rxe2 19. Qxe2 e4 20.
Rb1 exf3 21. Qxf3 Bxa4 22. Bf4 Re8 23. Qg3 Be5 24. Re1 Bxf4 25. Rxe8+ Qxe8 26.
Qxf4 Qe1+ 27. Kh2 Qe5 28. g3 Qxf4 29. gxf4 Bb3 30. Kg3 Bxd5 31. f3 a5 32. Kf2
a4 33. Kg3 a3 34. Kh4 a2 35. Kg4 a1=Q 36. Kg3 Qg1+ 37. Kh4 Qf2+ 38. Kg5 Qg3+
39. Kf6 Qxf4+ 40. Ke7 Qe5+ 41. Kd7 Qe6+ 42. Kc7 Qe7+ 43. Kb6 Qb7+ 44. Ka5 Bc6
45. d4 Qb5# 0-1

[Event "DVM U14w 2016"]
[Site "Düsseldorf GER"]
[Date "2016.12.29"]
[Round "5"]
[White "Runds, Emily Sophie"]
[Black "Schilz, Luna"]
[Result "1-0"]
[Termination "normal"]
[Board "3.4"]
[WhiteElo "1087"]
[BlackElo "1110"]
[WhiteTeam "SV Empor Erfurt"]
[BlackTeam "SF Konz-Karthaus"]
[PlyCount "145"]
[WhiteFideId "16235231"]
[BlackFideId "16235320"]
[EventCountry "GER"]
[EventRounds "7"]
[EventType "team-swiss"]
[EventDate "2016.12.26"]

1. e4 {[%emt 0:00:00]} e5 2. Nf3 Nc6 3. d4 exd4 4. Nxd4 Bc5 5. Be3 Nf6 6. Nxc6
dxc6 7. Qxd8+ Kxd8 8. Bxc5 Nxe4 9. Bd4 f6 10. Nc3 Bf5 11. Bd3 Nxc3 12. Bxc3
Re8+ 13. Kd1 Bxd3 14. cxd3 Kd7 15. Re1 Rf8 16. Bb4 Rf7 17. Kd2 Rd8 18. Re2 Kc8
19. Rae1 Rfd7 20. Kc2 b6 21. Re8 Rxd3 22. Rxd8+ Rxd8 23. Re7 c5 24. Bd2 Rg8 25.
Bf4 c6 26. Rc7+ Kd8 27. Rxa7 Re8 28. Bc7+ Kc8 29. Kc3 b5 30. Ba5 Re2 31. Rc7+
Kb8 32. Rd7 Rxf2 33. Rd8+ Kb7 34. Rh8 Rxg2 35. Rxh7 Ka6 36. Bd8 f5 37. Rh5 g6
38. Rg5 Rxh2 39. Rxg6 f4 40. Rxc6+ Kb7 41. Rxc5 f3 42. Rxb5+ Kc6 43. Rb6+ Kd7
44. Rf6 Rh3 45. Bb6 Ke7 46. Rf4 Ke6 47. Kd3 f2+ 48. Ke4 Rh4 49. Bxf2 Rh1 50.
Bd4 Ra1 51. a3 Kd6 52. Rf5 Kc6 53. Rc5+ Kd6 54. Ra5 Rc1 55. b4 Kc6 56. b5+ Kb7
57. Ra7+ Kb8 58. b6 Rb1 59. Be5+ Kc8 60. Rc7+ Kd8 61. b7 Re1+ 62. Kf5 Rb1 63.
Rc8+ Kd7 64. b8=Q Rxb8 65. Rxb8 Kc6 66. a4 Kd7 67. a5 Kc6 68. a6 Kd7 69. a7 Kc6
70. a8=Q+ Kd7 71. Qd5+ Ke7 72. Rb7+ Ke8 73. Qg8# 1-0

[Event "DVM U14w 2016"]
[Site "Düsseldorf GER"]
[Date "2016.12.29"]
[Round "5"]
[White "Weimert, Miriam"]
[Black "Dietz, Kristin"]
[Result "0-1"]
[Termination "normal"]
[Board "4.1"]
[WhiteElo "1744"]
[BlackElo "1617"]
[WhiteTeam "SG Leipzig"]
[BlackTeam "USV Halle"]
[PlyCount "70"]
[WhiteFideId "12966703"]
[BlackFideId "12993743"]
[EventCountry "GER"]
[EventRounds "7"]
[EventType "team-swiss"]
[EventDate "2016.12.26"]

1. e4 {[%emt 0:00:00]} c5 {[%eval 0,0] [%emt 0:00:00]} 2. Nc3 {[%emt 0:00:05]}
Nc6 {[%eval 0,0] [%emt 0:00:00]} 3. f4 {[%emt 0:00:02]} g6 {[%emt 0:00:00]} 4.
Nf3 {[%eval 0,0] [%emt 0:00:00]} Bg7 {[%emt 0:00:03]} 5. Bc4 {[%emt 0:00:00]}
e6 {[%emt 0:00:00]} 6. O-O Nge7 7. d3 O-O 8. Kh1 a6 9. a4 Nd4 10. Nxd4 cxd4 11.
Ne2 d5 12. Bb3 dxe4 13. dxe4 Nc6 14. Ra3 b6 15. Ba2 Bb7 16. Qe1 Qe7 17. Bd2 a5
18. Bb1 Rfc8 19. c3 dxc3 20. Bxc3 Ba6 21. Rf2 Bxe2 22. Rxe2 Bxc3 23. Rxc3 Nd4
24. Ree3 Qb4 25. Qd2 Rd8 26. Red3 Qxa4 27. Bc2 Qb4 28. h3 Rd6 29. Qf2 Rad8 30.
Bb1 Nb5 31. Rxd6 Qxd6 32. Rc1 Qd2 33. Qf1 Qxb2 34. e5 Nc3 35. Bc2 Ne2 0-1

[Event "DVM U14w 2016"]
[Site "Düsseldorf GER"]
[Date "2016.12.29"]
[Round "5"]
[White "Fritsch, Lea"]
[Black "Oswald, Lena"]
[Result "1-0"]
[Termination "normal"]
[Board "4.2"]
[WhiteElo "1428"]
[BlackElo "1541"]
[WhiteTeam "USV Halle"]
[BlackTeam "SG Leipzig"]
[PlyCount "61"]
[WhiteFideId "16212436"]
[BlackFideId "12983314"]
[EventCountry "GER"]
[EventRounds "7"]
[EventType "team-swiss"]
[EventDate "2016.12.26"]

1. e4 {[%emt 0:00:00]} c5 {[%eval 0,0] [%emt 0:00:00]} 2. Nf3 {[%emt 0:00:04]}
d6 {[%emt 0:00:00]} 3. d4 {[%eval 0,0] [%emt 0:00:00]} cxd4 {[%emt 0:00:03]} 4.
Nxd4 {[%eval 0,0] [%emt 0:00:00]} Nf6 {[%emt 0:00:06]} 5. Nc3 {[%eval 0,0]
[%emt 0:00:00]} g6 {[%emt 0:00:03]} 6. Be3 {[%eval 0,0] [%emt 0:00:00]} Bg7 {
[%emt 0:00:04]} 7. Be2 {[%emt 0:00:00]} O-O {[%emt 0:00:00]} 8. O-O {[%eval 0,
0] [%emt 0:00:00]} Nc6 {[%emt 0:00:03]} 9. h3 {[%emt 0:00:00]} Bd7 {[%eval 0,0]
[%emt 0:00:00]} 10. Qd2 {[%emt 0:00:03]} Rc8 {[%eval 0,0] [%emt 0:00:00]} 11.
Rad1 {[%emt 0:00:04]} a6 {[%eval 0,0] [%emt 0:00:00]} 12. Rfe1 {[%emt 0:00:03]}
Qc7 13. Bh6 Nxd4 14. Bxg7 Nxe2+ 15. Rxe2 Kxg7 16. Qd4 Qc5 17. Qd3 b5 18. Qg3
Be6 19. a3 Nh5 20. Qf3 Qg5 21. Nd5 Bxd5 22. exd5 Qf6 23. Qb3 Nf4 24. Re3 Qg5
25. g4 Rc5 26. Kh2 Rxd5 27. Rde1 Rd2 28. Qc3+ Qf6 29. Qxd2 Qxb2 30. Rxe7 Ne6
31. R1xe6 1-0

[Event "DVM U14w 2016"]
[Site "Düsseldorf GER"]
[Date "2016.12.29"]
[Round "5"]
[White "Oswald, Hannah"]
[Black "Stowicek, Yara Mathilda"]
[Result "1/2-1/2"]
[Termination "normal"]
[Board "4.3"]
[WhiteElo "1498"]
[BlackElo "1446"]
[WhiteTeam "SG Leipzig"]
[BlackTeam "USV Halle"]
[PlyCount "60"]
[WhiteFideId "16214960"]
[BlackFideId "16203569"]
[EventCountry "GER"]
[EventRounds "7"]
[EventType "team-swiss"]
[EventDate "2016.12.26"]

1. e4 {[%emt 0:00:00]} e5 {[%eval 0,0] [%emt 0:00:00]} 2. Nf3 Nc6 3. Bc4 Nf6 4.
d4 exd4 5. O-O d6 6. Nxd4 Be7 7. Nc3 O-O 8. f3 Ne5 9. Be2 h6 10. Be3 c6 11. Bf2
d5 12. exd5 Nxd5 13. Nxd5 Qxd5 14. c3 Rd8 15. Nb3 Qe6 16. Qc2 Qf5 17. Qxf5 Bxf5
18. Rad1 b6 19. Nd4 Bd7 20. Rfe1 Bf6 21. Bg3 Re8 22. Ba6 Rad8 23. Bxe5 Bxe5 24.
Nxc6 Bxh2+ 25. Kxh2 Bxc6 26. Rxe8+ Rxe8 27. Bc4 Rc8 28. Bf1 Rc7 29. a3 Rd7 30.
Rxd7 Bxd7 1/2-1/2

[Event "DVM U14w 2016"]
[Site "Düsseldorf GER"]
[Date "2016.12.29"]
[Round "5"]
[White "Delgado, Celina"]
[Black "Fege, Astrid"]
[Result "1/2-1/2"]
[Termination "normal"]
[Board "4.4"]
[WhiteElo "1398"]
[BlackElo "1330"]
[WhiteTeam "USV Halle"]
[BlackTeam "SG Leipzig"]
[PlyCount "47"]
[WhiteFideId "12993735"]
[BlackFideId "16217152"]
[EventCountry "GER"]
[EventRounds "7"]
[EventType "team-swiss"]
[EventDate "2016.12.26"]

1. e4 {[%emt 0:00:00]} c5 2. Nf3 d6 3. d4 cxd4 4. Nxd4 Nf6 5. Nc3 g6 6. Bc4 Bg7
7. O-O O-O 8. Re1 Nc6 9. Bg5 Ne5 10. Bb3 Bd7 11. Qd2 Rc8 12. Rad1 Nc4 13. Bxc4
Rxc4 14. Nf3 b5 15. e5 b4 16. exf6 bxc3 17. Qd3 exf6 18. Qxc4 fxg5 19. b3 Be6
20. Qa6 Bf5 21. Qe2 Bf6 22. Nd4 Bc8 23. Qc4 Qa5 24. a4 1/2-1/2

[Event "DVM U14w 2016"]
[Site "Düsseldorf GER"]
[Date "2016.12.29"]
[Round "5"]
[White "Wastian, Mareike"]
[Black "Kalina, Lena"]
[Result "1-0"]
[Termination "normal"]
[Board "5.1"]
[WhiteElo "1770"]
[BlackElo "1410"]
[WhiteTeam "SF Brackel"]
[BlackTeam "SC Landskrone"]
[PlyCount "165"]
[WhiteFideId "12947423"]
[BlackFideId "12988014"]
[EventCountry "GER"]
[EventRounds "7"]
[EventType "team-swiss"]
[EventDate "2016.12.26"]

1. e4 g6 2. d4 Bg7 3. Nc3 c6 4. Nf3 d5 5. h3 dxe4 6. Nxe4 Bf5 7. Ng3 e6 8. c3
h6 9. Bc4 Ne7 10. Bf4 Nd7 11. O-O O-O 12. Re1 b5 13. Bb3 a5 14. Nxf5 Nxf5 15.
Qe2 Nb6 16. Ne5 Rc8 17. Qf3 Nd5 18. Bh2 b4 19. cxb4 Nxd4 20. Qe4 Nxb3 21. axb3
axb4 22. Ra6 Qg5 23. Nxc6 Qd2 24. Bd6 Rfe8 25. Bxb4 Nxb4 26. Qxb4 Qxb2 27. Ne7+
Rxe7 28. Qxe7 Bd4 29. Rf1 Qe2 30. Qa3 Rc2 31. Ra8+ Kh7 32. Qa6 Bxf2+ 33. Kh1
Qxa6 34. Rxa6 Bg3 35. Ra7 Kg8 36. Raxf7 Bd6 37. R7f6 Kg7 38. Rxe6 Rd2 39. Ref6
Rd3 40. R6f3 Rd4 41. Re3 Rd2 42. Ree1 Rb2 43. Rb1 Re2 44. b4 Re8 45. b5 Rb8 46.
Rfd1 Bc5 47. Rf1 Bb6 48. h4 Bd8 49. g3 Bc7 50. Kg2 Bd8 51. Rf3 Bb6 52. Kf1 Bc5
53. Ke2 Bb6 54. Kd3 Rc8 55. Ke4 Rd8 56. Rff1 Rd7 57. Rfd1 Rc7 58. Kd5 Rc5+ 59.
Ke6 Rc3 60. Kd6 Rxg3 61. Kc6 Bf2 62. Rd7+ Kf6 63. b6 Rc3+ 64. Kb7 Bxh4 65. Rc7
Re3 66. Rf1+ Kg5 67. Rc5+ Kg4 68. Rg1+ Bg3 69. Rc6 Kg5 70. Kc8 Kh5 71. b7 Rb3
72. Rxg3 Rxg3 73. b8=Q Rf3 74. Qh2+ Kg5 75. Qg2+ Kf4 76. Rc4+ Ke3 77. Rc3+ Kf4
78. Qxf3+ Ke5 79. Rc5+ Kd4 80. Rd5+ Kc4 81. Qd3+ Kb4 82. Rb5+ Ka4 83. Qb3# 1-0

[Event "DVM U14w 2016"]
[Site "Düsseldorf GER"]
[Date "2016.12.29"]
[Round "5"]
[White "Yukelson, Tamar"]
[Black "Garbuz, Nicole"]
[Result "1/2-1/2"]
[Termination "normal"]
[Board "5.2"]
[WhiteElo "1417"]
[BlackElo "1576"]
[WhiteTeam "SC Landskrone"]
[BlackTeam "SF Brackel"]
[PlyCount "57"]
[WhiteFideId "12964069"]
[BlackFideId "12990701"]
[EventCountry "GER"]
[EventRounds "7"]
[EventType "team-swiss"]
[EventDate "2016.12.26"]

1. e4 {[%emt 0:00:00]} e5 2. Nf3 Nc6 3. d4 exd4 4. Nxd4 Nf6 5. Nxc6 bxc6 6. Bd3
d5 7. exd5 cxd5 8. O-O Be7 9. c4 O-O 10. cxd5 Qxd5 11. Be2 Qxd1 12. Rxd1 Bd6
13. Nc3 Re8 14. Bf3 Rb8 15. b3 Bg4 16. Bxg4 Nxg4 17. h3 Nf6 18. Bb2 Be5 19.
Rab1 a6 20. Nd5 Nxd5 21. Rxd5 Bxb2 22. Rxb2 Rb5 23. Rbd2 Re1+ 24. Kh2 Rxd5 25.
Rxd5 h6 26. f3 Re2 27. Ra5 Re6 28. Kg1 Rc6 29. Kf1 1/2-1/2

[Event "DVM U14w 2016"]
[Site "Düsseldorf GER"]
[Date "2016.12.29"]
[Round "5"]
[White "Bünte, Kirsten"]
[Black "Dittenberger, Svenja"]
[Result "1-0"]
[Termination "normal"]
[Board "5.3"]
[WhiteElo "1445"]
[BlackElo "1190"]
[WhiteTeam "SF Brackel"]
[BlackTeam "SC Landskrone"]
[PlyCount "117"]
[WhiteFideId "16200535"]
[BlackFideId "12996262"]
[EventCountry "GER"]
[EventRounds "7"]
[EventType "team-swiss"]
[EventDate "2016.12.26"]

1. d4 {[%emt 0:00:00]} d5 2. c4 c6 3. e3 Nf6 4. Nc3 g6 5. Nf3 Bg7 6. Bd2 Bf5 7.
Nh4 Bg4 8. Be2 Qd7 9. cxd5 Bxe2 10. dxc6 Qxc6 11. Qxe2 Ne4 12. O-O Nxd2 13.
Qxd2 O-O 14. Nf3 Qc7 15. Rac1 Qa5 16. a3 Nd7 17. Qe2 e5 18. Rfd1 Rfe8 19. Nb5
Rac8 20. Nd6 Rxc1 21. Rxc1 Re6 22. dxe5 Nxe5 23. Rc8+ Bf8 24. Nxe5 Rxd6 25. Nc4
Qd5 26. Nxd6 Qxd6 27. Qc2 Qd7 28. h3 Kg7 29. Qc3+ Kh6 30. Qc1 Bd6 31. Rc2 Qe6
32. Rc4 Kg7 33. b3 Qe5 34. Qc3 Qxc3 35. Rxc3 Bxa3 36. Rc7 b5 37. Rxa7 b4 38.
Kf1 h5 39. Ke2 g5 40. Kd3 Kg6 41. e4 f6 42. Rb7 g4 43. h4 f5 44. Rb6+ Kf7 45.
exf5 Bc1 46. Rxb4 Bh6 47. Rb6 Bg7 48. Rb7+ Kf6 49. Rxg7 Kxg7 50. Ke4 Kf6 51. b4
Kg7 52. Ke5 Kf7 53. b5 Ke7 54. b6 Kf7 55. b7 Ke7 56. b8=Q Kf7 57. Qc7+ Ke8 58.
Ke6 Kf8 59. Qf7# 1-0

[Event "DVM U14w 2016"]
[Site "Düsseldorf GER"]
[Date "2016.12.29"]
[Round "5"]
[White "Schubert, Arlene"]
[Black "Schiewe, Nadin"]
[Result "0-1"]
[Termination "normal"]
[Board "6.1"]
[WhiteElo "1168"]
[BlackElo "1292"]
[WhiteTeam "SC Annaberg-Buchholz"]
[BlackTeam "SC Eintracht Berlin"]
[PlyCount "134"]
[WhiteFideId "16220951"]
[BlackFideId "16209079"]
[EventCountry "GER"]
[EventRounds "7"]
[EventType "team-swiss"]
[EventDate "2016.12.26"]

1. e4 d5 2. exd5 Qxd5 3. Nc3 Qa5 4. Nf3 c6 5. Be2 Bf5 6. O-O e6 7. d3 Bd6 8.
Be3 Nf6 9. Qd2 Nbd7 10. a3 Qc7 11. h3 O-O-O 12. Bxa7 b6 13. Na4 Qxa7 14. b3 b5
15. Nb2 h6 16. c4 bxc4 17. dxc4 Nc5 18. Qe3 Qc7 19. b4 Nce4 20. Nd3 g5 21. g4
Bg6 22. b5 c5 23. a4 Bf4 24. Nxf4 Qxf4 25. a5 Qxe3 26. fxe3 Nd2 27. Nxd2 Rxd2
28. Rxf6 Rxe2 29. Rf3 Rd8 30. a6 Kc7 31. Kf1 Rh2 32. Kg1 Rhd2 33. Rff1 Re2 34.
Rf3 Rc2 35. e4 Kb6 36. Rfa3 Ka7 37. Rb1 Rb8 38. b6+ Rxb6 39. Rxb6 Kxb6 40. a7
Rc1+ 41. Kf2 Bxe4 42. a8=Q Bxa8 43. Rxa8 Rxc4 44. Rh8 Rd4 45. Rxh6 c4 46. Ke2
c3 47. Rf6 Kb5 48. Rxf7 c2 49. Rf1 Kb4 50. Rg1 Kb3 51. Rf1 Kb2 52. Ke3 Rd1 53.
Rf2 Kb1 54. Rxc2 Kxc2 55. Ke4 Re1+ 56. Kf3 Kd3 57. Kf2 Rc1 58. Kg3 e5 59. h4
gxh4+ 60. Kxh4 e4 61. g5 e3 62. g6 e2 63. g7 e1=Q+ 64. Kh5 Qh1+ 65. Kg6 Rg1+
66. Kf7 Rxg7+ 67. Kxg7 Qf3 0-1

[Event "DVM U14w 2016"]
[Site "Düsseldorf GER"]
[Date "2016.12.29"]
[Round "5"]
[White "Gehrke, Gina Celina"]
[Black "Jin, Tanja"]
[Result "1-0"]
[Termination "normal"]
[Board "6.2"]
[WhiteElo "1457"]
[BlackElo "1211"]
[WhiteTeam "SC Eintracht Berlin"]
[BlackTeam "SC Annaberg-Buchholz"]
[PlyCount "115"]
[WhiteFideId "16205979"]
[BlackFideId "16235355"]
[EventCountry "GER"]
[EventRounds "7"]
[EventType "team-swiss"]
[EventDate "2016.12.26"]

1. d4 d5 2. e3 Nf6 3. Bd3 Nc6 4. c3 Bd7 5. f4 e6 6. Nd2 Bd6 7. Ngf3 Qe7 8. O-O
O-O-O 9. Ne5 Bxe5 10. fxe5 Ne8 11. b4 f6 12. exf6 Nxf6 13. a4 e5 14. Bc2 Ng4
15. Nb1 Qh4 16. h3 Nf6 17. Qe1 Qg5 18. e4 Qg6 19. exd5 Qxc2 20. dxc6 Bxc6 21.
Rf2 Qg6 22. Qxe5 Rde8 23. Qf5+ Qxf5 24. Rxf5 Re1+ 25. Rf1 Rhe8 26. b5 Bd5 27.
Bd2 R1e2 28. Rf2 Rxf2 29. Kxf2 Ne4+ 30. Kg1 Nxd2 31. Nxd2 Re2 32. Nf3 Bxf3 33.
gxf3 Re3 34. Rc1 Rxf3 35. Kg2 Rf7 36. Kg3 Kd7 37. Re1 c6 38. c4 Kd6 39. Re8 h6
40. h4 cxb5 41. axb5 b6 42. Rg8 Rc7 43. Ra8 Rxc4 44. Rxa7 Rc7 45. Rxc7 Kxc7 46.
h5 Kd6 47. Kf4 Ke6 48. Ke4 g5 49. hxg6 Kf6 50. Kd5 Kxg6 51. Ke6 h5 52. d5 h4
53. d6 h3 54. d7 h2 55. d8=Q Kg7 56. Qh4 Kg8 57. Qxh2 Kf8 58. Qh8# 1-0

[Event "DVM U14w 2016"]
[Site "Düsseldorf GER"]
[Date "2016.12.29"]
[Round "5"]
[White "Berndt, Christiane"]
[Black "Jacoby, Angelina"]
[Result "0-1"]
[Termination "normal"]
[Board "6.3"]
[WhiteElo "1153"]
[BlackElo "1240"]
[WhiteTeam "SC Annaberg-Buchholz"]
[BlackTeam "SC Eintracht Berlin"]
[PlyCount "70"]
[WhiteFideId "16235363"]
[BlackFideId "12999008"]
[EventCountry "GER"]
[EventRounds "7"]
[EventType "team-swiss"]
[EventDate "2016.12.26"]

1. e4 d5 2. exd5 Nf6 3. Bc4 Nxd5 4. Bxd5 Qxd5 5. Nf3 Qe4+ 6. Kf1 Bf5 7. d3 Qd5
8. Nc3 Qd8 9. Bf4 e6 10. Ke2 Bd6 11. Bxd6 cxd6 12. Re1 O-O 13. Kf1 Nc6 14. Kg1
Bg4 15. h3 Bh5 16. Ne4 Nd4 17. Ned2 g5 18. c3 Nf5 19. Qc1 g4 20. hxg4 Bxg4 21.
Nh2 Bh5 22. Ne4 Bg6 23. Ng4 Kh8 24. Ne3 d5 25. Nc5 b6 26. Nb3 Qh4 27. Re2 Rg8
28. Qd2 Bh5 29. Ree1 Bf3 30. Rac1 Nxe3 31. fxe3 Rxg2+ 32. Qxg2 Bxg2 33. Kxg2
Rg8+ 34. Kf3 Qg4+ 35. Kf2 Qg2# 0-1

[Event "DVM U14w 2016"]
[Site "Düsseldorf GER"]
[Date "2016.12.29"]
[Round "5"]
[White "Hopp, Celina"]
[Black "Schubert, Matthea"]
[Result "1-0"]
[Termination "normal"]
[Board "6.4"]
[WhiteElo "1056"]
[BlackElo "941"]
[WhiteTeam "SC Eintracht Berlin"]
[BlackTeam "SC Annaberg-Buchholz"]
[PlyCount "79"]
[WhiteFideId "16235240"]
[BlackFideId "16235371"]
[EventCountry "GER"]
[EventRounds "7"]
[EventType "team-swiss"]
[EventDate "2016.12.26"]

1. e4 {[%emt 0:00:00]} e5 2. Nf3 Nc6 3. Bc4 Bc5 4. d3 Nf6 5. Nc3 d6 6. h3 Be6
7. Bxe6 fxe6 8. Bd2 O-O 9. Qe2 Qe8 10. O-O-O a6 11. g4 Nd4 12. Nxd4 exd4 13.
Nb1 e5 14. Rdf1 b5 15. f4 a5 16. g5 Nd7 17. f5 b4 18. Qe1 Qb8 19. h4 a4 20. h5
a3 21. b3 Qe8 22. h6 Qe7 23. hxg7 Qxg7 24. Rfg1 Qe7 25. Qh4 Rfe8 26. Qh3 Nf8
27. g6 Qf6 28. gxh7+ Kf7 29. h8=Q Qxh8 30. Qxh8 Ke7 31. Qg7+ Kd8 32. Rh8 d5 33.
f6 Kc8 34. f7 Rd8 35. Bg5 Rd7 36. Rxf8+ Bxf8 37. Qxf8+ Kb7 38. Qxb4+ Kc8 39.
f8=R+ Rd8 40. Rxd8# 1-0

[Event "DVM U14w 2016"]
[Site "Düsseldorf GER"]
[Date "2016.12.29"]
[Round "5"]
[White "Reichelt, Lena"]
[Black "Otterpohl, Isabel"]
[Result "1-0"]
[Termination "normal"]
[Board "7.1"]
[WhiteElo "1486"]
[BlackElo "1705"]
[WhiteTeam "SK Nordhorn-Blanke"]
[BlackTeam "SV Hemer"]
[PlyCount "143"]
[WhiteFideId "12981184"]
[BlackFideId "12999180"]
[EventCountry "GER"]
[EventRounds "7"]
[EventType "team-swiss"]
[EventDate "2016.12.26"]

1. e4 {[%emt 0:00:00]} e5 2. Nf3 Nc6 3. Bc4 Nf6 4. O-O Be7 5. Nc3 O-O 6. d4
exd4 7. Nxd4 Re8 8. Be3 Bf8 9. f3 Bc5 10. Qd2 Ne5 11. Bb3 c6 12. Nf5 Bxe3+ 13.
Nxe3 b5 14. a3 a5 15. Rad1 Ba6 16. Rfe1 Qb6 17. Qd4 Qxd4 18. Rxd4 Bb7 19. Rd6
Ng6 20. Red1 Ra6 21. Nf5 Ne7 22. Nh6+ Kf8 23. Nxf7 Nc8 24. R6d2 d5 25. Ng5 Nb6
26. exd5 cxd5 27. Nxb5 Re7 28. Nd6 Bc6 29. Nf5 Re5 30. g4 g6 31. Nd4 Bb7 32.
Nge6+ Ke7 33. Nc5 Ra7 34. Nb5 Ra8 35. Nxb7 a4 36. Ba2 Kf8 37. Nd4 Kg8 38. Nc5
Rc8 39. Nd3 Ree8 40. Nb4 Rcd8 41. Nb5 Rb8 42. Nc7 Rec8 43. Ncxd5 Nfxd5 44. Nxd5
Nxd5 45. Bxd5+ Kg7 46. Be6 Rf8 47. g5 Ra8 48. Rd7+ Kh8 49. Rf7 Rxf7 50. Bxf7
Rf8 51. Bd5 Rd8 52. c4 Re8 53. Kf2 Re5 54. h4 Re7 55. Be4 Re8 56. Bc6 Rc8 57.
Bxa4 Rb8 58. b4 Ra8 59. Bc6 Rxa3 60. Rd8+ Kg7 61. Ra8 Rd3 62. Bd5 Rxd5 63. cxd5
Kf7 64. Rc8 Ke7 65. b5 Kd6 66. b6 Kxd5 67. b7 Ke6 68. Rc5 Kf7 69. b8=Q Ke7 70.
Qb6 Kf7 71. Rc7+ Kg8 72. Qb8# 1-0

[Event "DVM U14w 2016"]
[Site "Düsseldorf GER"]
[Date "2016.12.29"]
[Round "5"]
[White "Naumenko, Valerija"]
[Black "Meijerink, Inken"]
[Result "1-0"]
[Termination "normal"]
[Board "7.2"]
[WhiteElo "1317"]
[BlackElo "1381"]
[WhiteTeam "SV Hemer"]
[BlackTeam "SK Nordhorn-Blanke"]
[PlyCount "113"]
[WhiteFideId "16222890"]
[BlackFideId "16225465"]
[EventCountry "GER"]
[EventRounds "7"]
[EventType "team-swiss"]
[EventDate "2016.12.26"]

1. e4 c5 2. Nf3 Nc6 3. d4 cxd4 4. Nxd4 g6 5. c4 Bg7 6. Nc2 Nf6 7. Nc3 O-O 8.
Be2 Ne8 9. Be3 Nc7 10. Qd2 d6 11. Rb1 b6 12. f3 Bb7 13. O-O f5 14. exf5 Rxf5
15. Bd3 Rf8 16. b4 Ne5 17. Be2 d5 18. cxd5 Bxd5 19. Nxd5 Nxd5 20. Bd4 Nf4 21.
Rfd1 Nxe2+ 22. Qxe2 Qc7 23. Rbc1 Nf7 24. Bxg7 Kxg7 25. Nd4 Qe5 26. Qxe5+ Nxe5
27. Ne6+ Kf7 28. Nxf8 Kxf8 29. Rc7 Ke8 30. f4 Rd8 31. Rxd8+ Kxd8 32. Rxa7 Nd3
33. a3 Nxf4 34. Kf2 Nd5 35. Ra8+ Kc7 36. Rh8 Nf6 37. Kf3 e5 38. g4 e4+ 39. Kf4
e3 40. Kxe3 Nxg4+ 41. Kf4 h5 42. Kg5 Nxh2 43. Kxg6 Nf3 44. Rxh5 Nd4 45. a4 b5
46. a5 Kb7 47. Kf7 Nc6 48. Rxb5+ Ka7 49. Ke8 Nd4 50. Rd5 Nc6 51. Rb5 Nb8 52.
Kd8 Na6 53. Kc8 Ka8 54. Rb6 Ka7 55. Rxa6+ Kxa6 56. Kc7 Kb5 57. Kb7 1-0

[Event "DVM U14w 2016"]
[Site "Düsseldorf GER"]
[Date "2016.12.29"]
[Round "5"]
[White "Wolterink, Jule"]
[Black "Manus, Julia"]
[Result "1-0"]
[Termination "normal"]
[Board "7.3"]
[WhiteElo "1325"]
[BlackElo "969"]
[WhiteTeam "SK Nordhorn-Blanke"]
[BlackTeam "SV Hemer"]
[PlyCount "103"]
[WhiteFideId "12981206"]
[BlackFideId "16234979"]
[EventCountry "GER"]
[EventRounds "7"]
[EventType "team-swiss"]
[EventDate "2016.12.26"]

1. d4 d5 2. Bf4 Nf6 3. e3 e6 4. Bd3 c5 5. c3 Nc6 6. Nf3 Qb6 7. Qb3 c4 8. Qxb6
axb6 9. Bc2 b5 10. O-O b4 11. Nbd2 Be7 12. Rfe1 h6 13. e4 O-O 14. h3 Nh7 15.
Ne5 Nxe5 16. Bxe5 f6 17. Bh2 Bd8 18. Bd6 bxc3 19. bxc3 Rf7 20. exd5 exd5 21.
Re8+ Nf8 22. Rxd8 b5 23. Bg6 Bb7 24. Rxa8 Bxa8 25. Bxf7+ Kxf7 26. Bxf8 Kxf8 27.
Re1 Kf7 28. f4 h5 29. Nf3 Bc6 30. a3 Bd7 31. Rb1 Bc6 32. Nh4 Bd7 33. Re1 g6 34.
Kf2 Bc6 35. f5 g5 36. Ng6 Bd7 37. Re7+ Kg8 38. Rxd7 g4 39. hxg4 hxg4 40. Rxd5
Kg7 41. Rxb5 Kh6 42. d5 Kg7 43. Rb7+ Kg8 44. Nh8 g3+ 45. Kxg3 Kf8 46. Rf7+ Ke8
47. Rh7 Kf8 48. d6 Kg8 49. Rf7 Kxh8 50. d7 Kg8 51. Re7 Kf8 52. d8=Q# 1-0

[Event "DVM U14w 2016"]
[Site "Düsseldorf GER"]
[Date "2016.12.29"]
[Round "5"]
[White "Drees, Kim"]
[Black "Wolterink, Insa"]
[Result "0-1"]
[Termination "normal"]
[Board "7.4"]
[WhiteElo "1016"]
[BlackElo "1023"]
[WhiteTeam "SV Hemer"]
[BlackTeam "SK Nordhorn-Blanke"]
[PlyCount "100"]
[WhiteFideId "16235339"]
[BlackFideId "16235266"]
[EventCountry "GER"]
[EventRounds "7"]
[EventType "team-swiss"]
[EventDate "2016.12.26"]

1. e4 e6 2. d4 d5 3. exd5 exd5 4. Bd3 Bd6 5. Ne2 Nf6 6. Bf4 Nc6 7. c3 Qe7 8.
Bg3 O-O 9. Nd2 Bd7 10. Qc2 Rfe8 11. Nf3 h6 12. O-O-O a6 13. Rde1 Qd8 14. Bxd6
cxd6 15. Nf4 Qa5 16. a3 Rac8 17. Rxe8+ Rxe8 18. Re1 Rxe1+ 19. Nxe1 Nxd4 20. Qd1
Ba4 21. Bc2 Nxc2 22. Nxc2 Bxc2 23. Qxc2 Kf8 24. Qb3 Qb5 25. Qxb5 axb5 26. Kc2
Ke7 27. Kd3 g5 28. Ne2 Ng4 29. f4 Nxh2 30. f5 Kf6 31. Kd4 h5 32. Ng3 h4 33.
Nh5+ Kxf5 34. Ng7+ Kg4 35. Kxd5 Kg3 36. Nf5+ Kxg2 37. Ne3+ Kf3 38. Kd4 g4 39.
Nf5 h3 40. Nh4+ Kf2 41. Ke4 g3 42. Nf5 g2 43. Nxd6 g1=Q 44. Nxb5 Qg4+ 45. Kd3
Nf3 46. c4 h2 47. c5 Ne5+ 48. Kc3 Qc4+ 49. Kd2 Qd3+ 50. Kc1 h1=R# 0-1

[Event "DVM U14w 2016"]
[Site "Düsseldorf GER"]
[Date "2016.12.29"]
[Round "5"]
[White "Fricke, Edna Marlene"]
[Black "Bykov, Ilona"]
[Result "1/2-1/2"]
[Termination "normal"]
[Board "8.1"]
[WhiteElo "1376"]
[BlackElo "1399"]
[WhiteTeam "SV SF Friedrichshagen"]
[BlackTeam "Karlsruher SF"]
[PlyCount "47"]
[WhiteFideId "12988839"]
[BlackFideId "12964433"]
[EventCountry "GER"]
[EventRounds "7"]
[EventType "team-swiss"]
[EventDate "2016.12.26"]

1. e4 e5 2. Nf3 Nc6 3. Bc4 Bc5 4. d3 d6 5. Nbd2 Nf6 6. c3 Bg4 7. O-O Qd7 8. Re1
h6 9. a4 a5 10. Nf1 g5 11. Be3 Bh5 12. Bxc5 dxc5 13. h3 g4 14. hxg4 Qxg4 15.
Ne3 Qf4 16. Kf1 Ng4 17. Nxg4 Qxg4 18. Re3 Rg8 19. g3 Rg7 20. Ke2 f5 21. exf5
Qxf5 22. Qh1 O-O-O 23. Be6+ Qxe6 24. Qxh5 1/2-1/2

[Event "DVM U14w 2016"]
[Site "Düsseldorf GER"]
[Date "2016.12.29"]
[Round "5"]
[White "Chung, Dana"]
[Black "Kessen, Fanny"]
[Result "1-0"]
[Termination "normal"]
[Board "8.2"]
[WhiteElo "1166"]
[BlackElo "1218"]
[WhiteTeam "Karlsruher SF"]
[BlackTeam "SV SF Friedrichshagen"]
[PlyCount "47"]
[WhiteFideId "16235290"]
[BlackFideId "16217357"]
[EventCountry "GER"]
[EventRounds "7"]
[EventType "team-swiss"]
[EventDate "2016.12.26"]

1. d4 d5 2. c4 e6 3. Nc3 Nd7 4. Nf3 c5 5. cxd5 exd5 6. Nxd5 b6 7. Bf4 Bb7 8.
Nc3 cxd4 9. Nxd4 Nc5 10. e3 Nf6 11. Nf3 Nce4 12. Bb5+ Nd7 13. O-O Bb4 14. Nxe4
Bxe4 15. Qd4 Bxf3 16. gxf3 Bc5 17. Qxg7 Rf8 18. Qe5+ Be7 19. Rad1 Rg8+ 20. Kh1
a6 21. Bxd7+ Kf8 22. Bc6 Qc8 23. Bh6+ Rg7 24. Qxg7# 1-0